|
|
|
|
| LEADER |
00000naa2a2200000 4500 |
| 001 |
604850 |
| 005 |
20260217142437.0 |
| 035 |
|
|
|a (RuTPU)RU\TPU\conf\2130
|
| 035 |
|
|
|a RU\TPU\conf\2129
|
| 090 |
|
|
|a 604850
|
| 100 |
|
|
|a 20140324d2013 k y0rusy50 ca
|
| 101 |
0 |
|
|a rus
|
| 102 |
|
|
|a RU
|
| 135 |
|
|
|a drcn ---uucaa
|
| 181 |
|
0 |
|a i
|
| 182 |
|
0 |
|a b
|
| 200 |
1 |
|
|a Количественный и качественный аспекты оценки водных ресурсов горнопромышленных районов
|f Е. С. Торосян, В. Ф. Торосян
|
| 203 |
|
|
|a Текст
|c электронный
|
| 215 |
|
|
|a 1 файл(290 Кб)
|
| 225 |
1 |
|
|a Экологическая и техногенная безопасность
|
| 300 |
|
|
|a Заглавие с экрана
|
| 320 |
|
|
|a [Библиогр.: с. 118 (5 назв.)]
|
| 337 |
|
|
|a Adobe Reader
|
| 463 |
|
1 |
|0 (RuTPU)RU\TPU\conf\1010
|t Экология и безопасность в техносфере: современные проблемы и пути решения
|o сборник трудов Всероссийской научно-практической конференции, г. Томск, 27-28 ноября 2013 г.
|f Национальный исследовательский Томский политехнический университет (ТПУ), Юргинский технологический институт (ЮТИ) ; под ред. В. М. Гришагина и др.
|v [С. 114-118]
|d 2013
|
| 610 |
1 |
|
|a электронный ресурс
|
| 610 |
1 |
|
|a труды учёных ТПУ
|
| 610 |
1 |
|
|a количественный состав
|
| 610 |
1 |
|
|a качественный состав
|
| 610 |
1 |
|
|a оценочные значения
|
| 610 |
1 |
|
|a водные ресурсы
|
| 610 |
1 |
|
|a горнопромышленные районы
|
| 700 |
|
1 |
|a Торосян
|b Е. С.
|c ассистент
|c Юргинский технологический институт (филиал) Томского политехнического университета
|g Елена Самвеловна
|3 (RuTPU)RU\TPU\pers\25696
|
| 701 |
|
1 |
|a Торосян
|b В. Ф.
|c специалист в области экологии и безопасности жизнедеятельности
|c доцент Юргинского технологического института (филиала) Томского политехнического университета
|f 1956-
|g Вера Фёдоровна
|3 (RuTPU)RU\TPU\pers\24283
|
| 712 |
0 |
2 |
|a Национальный исследовательский Томский политехнический университет (ТПУ)
|b Юргинский технологический институт (филиал) (ЮТИ)
|b Кафедра естественного научного образования (ЕНО)
|3 (RuTPU)RU\TPU\col\18894
|
| 712 |
0 |
2 |
|a Национальный исследовательский Томский политехнический университет (ТПУ)
|b Юргинский технологический институт (филиал) (ЮТИ)
|b Кафедра безопасности жизнедеятельности, экологии и физического воспитания (БЖДЭФВ)
|3 (RuTPU)RU\TPU\col\18930
|
| 801 |
|
1 |
|a RU
|b 63413507
|c 20101016
|
| 801 |
|
2 |
|a RU
|b 63413507
|c 20140324
|g RCR
|
| 856 |
4 |
|
|u http://www.lib.tpu.ru/fulltext/c/2013/C52/035.pdf
|
| 942 |
|
|
|c CF
|